Zmeny v príjmových nerovnostiach vo svetovej ekonomike bakalárska práca

Gespeichert in:
Bibliographische Detailangaben
1. Verfasser: Pavláková, Patrícia
Körperschaft: Národohospodárska fakulta EU. Katedra hospodárskej politiky
Weitere Verfasser: Lábaj, Martin, 1982-
Format: Buch
Sprache:Slowakisch
Veröffentlicht: Bratislava 2017
Tags: Tag hinzufügen
Keine Tags, Fügen Sie das erste Tag hinzu!

MARC

LEADER 00000nbm a2200000 4500
001 0233874
005 20170801093059.2
041 0 |a slo 
044 |a SK 
245 1 0 |a Zmeny v príjmových nerovnostiach vo svetovej ekonomike  |b bakalárska práca  |c Patrícia Pavláková ; školiteľ: Martin Lábaj 
264 1 |a Bratislava  |c 2017 
300 |a 44 s. 
100 1 |a Pavláková, Patrícia 
700 1 |a Lábaj, Martin, 1982- 
710 2 |a Národohospodárska fakulta EU. Katedra hospodárskej politiky